00478nam a2200181 a 450000100060000000300090000600800410001502000150005604000280007108200090009910000200010824500480012826000460017630000110022249000250023365000160025865000220027417491CO-ViMGA141112s2004 ck r 000 u spa d a8477222835 aCO-ViMGAbspacCO-ViMGA04aMISg1 aBalanya, Ismael10aEl misterio de la Gioconda y ocho casos mas aBarcelona (España), cTimun Mas, c1993 a111.p. aResuelve el misterio14aADIVINANZAS14aJUEGOS INFANTILES